"Jungle in the spotlight"?: primitivism and esteem: Katherine Dunham's 1954 German tour
Saved in:
| Main Author: | |
|---|---|
| Format: | Chapter/Article |
| Language: | English |
| Published: |
2004
|
| In: |
Blackening Europe
Year: 2004, Pages: 53-71 |
| Online Access: |
|
| Author Notes: | Dorothea Fischer-Hornung |
MARC
| LEADER | 00000caa a2200000 c 4500 | ||
|---|---|---|---|
| 001 | 1671432142 | ||
| 003 | DE-627 | ||
| 005 | 20230710173056.0 | ||
| 007 | tu | ||
| 008 | 190815s2004 xx ||||| 00| ||eng c | ||
| 035 | |a (DE-627)1671432142 | ||
| 035 | |a (DE-599)KXP1671432142 | ||
| 035 | |a (OCoLC)1389825549 | ||
| 040 | |a DE-627 |b ger |c DE-627 |e rda | ||
| 041 | |a eng | ||
| 084 | |a 52 |2 sdnb | ||
| 100 | 1 | |a Fischer-Hornung, Dorothea |d 1949- |e VerfasserIn |0 (DE-588)172075793 |0 (DE-627)696983184 |0 (DE-576)132949628 |4 aut | |
| 245 | 1 | 0 | |a "Jungle in the spotlight"? |b primitivism and esteem: Katherine Dunham's 1954 German tour |c Dorothea Fischer-Hornung |
| 264 | 1 | |c 2004 | |
| 300 | |b Illustrationen | ||
| 300 | |a 19 | ||
| 336 | |a Text |b txt |2 rdacontent | ||
| 337 | |a ohne Hilfsmittel zu benutzen |b n |2 rdamedia | ||
| 338 | |a Band |b nc |2 rdacarrier | ||
| 773 | 0 | 8 | |i Enthalten in |t Blackening Europe |d New York [u.a.] : Routledge, 2004 |g (2004), Seite 53-71 |h XXII, 314 S. |w (DE-627)363687181 |w (DE-576)264068351 |z 0415943981 |z 041594399X |7 nnam |a "Jungle in the spotlight"? primitivism and esteem: Katherine Dunham's 1954 German tour |
| 773 | 1 | 8 | |g year:2004 |g pages:53-71 |g extent:19 |a "Jungle in the spotlight"? primitivism and esteem: Katherine Dunham's 1954 German tour |
| 951 | |a AR | ||
| 992 | |a 20220816 | ||
| 993 | |a BookComponentPart | ||
| 994 | |a 2004 | ||
| 999 | |a KXP-PPN1671432142 |e 4179551675 | ||
| BIB | |a Y | ||
| JSO | |a {"recId":"1671432142","relHost":[{"part":{"year":"2004","pages":"53-71","text":"(2004), Seite 53-71","extent":"19"},"recId":"363687181","language":["eng"],"type":{"bibl":"edited-book"},"id":{"eki":["363687181"],"isbn":["0415943981","041594399X"]},"title":[{"title":"Blackening Europe","title_sort":"Blackening Europe","subtitle":"the African American presence"}],"disp":"\"Jungle in the spotlight\"? primitivism and esteem: Katherine Dunham's 1954 German tourBlackening Europe","physDesc":[{"noteIll":"Ill","extent":"XXII, 314 S."}],"name":{"displayForm":["ed. by Heike Raphael-Hernandez"]},"origin":[{"publisherPlace":"New York [u.a.]","publisher":"Routledge","dateIssuedDisp":"2004","dateIssuedKey":"2004"}],"person":[{"family":"Raphael-Hernandez","role":"edt","given":"Heike","display":"Raphael-Hernandez, Heike"}]}],"language":["eng"],"type":{"bibl":"chapter"},"title":[{"subtitle":"primitivism and esteem: Katherine Dunham's 1954 German tour","title_sort":"\"Jungle in the spotlight\"?","title":"\"Jungle in the spotlight\"?"}],"id":{"eki":["1671432142"]},"person":[{"given":"Dorothea","role":"aut","display":"Fischer-Hornung, Dorothea","family":"Fischer-Hornung"}],"origin":[{"dateIssuedDisp":"2004","dateIssuedKey":"2004"}],"physDesc":[{"noteIll":"Illustrationen","extent":"19 S."}],"name":{"displayForm":["Dorothea Fischer-Hornung"]}} | ||
| SRT | |a FISCHERHORJUNGLEINTH2004 | ||